000 00484pam a2200169 i 4500
020 _a0582780535 :
082 0 0 _a297
_bNAS
_cl31,P-179
100 1 _aNasr, Seyyed Hossein.
_9181
245 1 0 _aIslam and the plight of modern man /
_cSeyyed Hossein Nasr.
260 _aLondon ;
_aNew York :
_bLongman,
_c1975.
300 _axii, 161 p. ;
_c24 cm.
500 _aIncludes index.
526 _a0
_b0
_c0
_d297_000000000000000_NAS
650 0 _aIslam
650 0 _aMCE
_9379
942 _2ddc
_cBK
999 _c542161
_d542161